000 00270nam a22001217a 4500
008 181107b xxu||||| |||| 00| 0 eng d
041 _aeng
080 _22nd
_a101
100 _a24
101 _aFIL
245 _aPerspectives in Philosophy
_cBeck,R.N
942 _2udc
_cBK
999 _c52061
_d52061